Iñaki Cerrajeria (Record no. 3633)

MARC details
000 - LÍDER
campo de control de longitud fija 00946nam a2200217Ia 4500
008 - ELEMENTOS DE DATOS DE LONGITUD FIJA - INFORMACIÓN GENERAL
campo de control de longitud fija 0000001996 sp a 0000000000spa00
020 ## - INTERNATIONAL STANDARD BOOK NUMBER
International Standard Book Number 8478212787
090 ## - NÚMERO DE LLAMADA DE TIPO LC LOCALMENTE ASIGNADO (OCLC)
Número de clasificación (OCLC) (R) PSP00 M35i
100 1# - ENTRADA PRINCIPAL - NOMBRE PERSONAL
Nombre de la persona Mintegi, Mikel
245 10 - TÍTULO DECLARACIÓN
Título Iñaki Cerrajeria
Resto del título : la pintura ... un instante
Declaración de responsabilidad / textos Mikel Mintegi, Santiago B. Olmo ; fotografías Miguel A. Quintas
260 ## - PUBLICACIÓN, DISTRIBUCIÓN
Lugar de publicación [s.l.] : Museo de Bellas Artes de álava
Fecha de publicación 1996
300 ## - DESCRIPCIÓN FÍSICA
Alcance 92 p.
Dimensiones / 29 cm.
500 ## - NOTA GENERAL
Nota general Exposición realizada en la Sala AméricaAmarica Aretoa, en Vitoria (España)\ Con el patronazgo del maestro venezolano Jesús Rafael Soto (q.e.p.d.) \ Registro auspiciado por el IDCT. Bogotá
600 00 - ENTRADA DE SUJETO AÑADIDO - NOMBRE PERSONAL
Nombre de la persona CERRAJERIA, IñAKI, 1957/
Subdivisión general TRABAJOS PICTORICOS
650 14 - ENTRADA DE SUJETO AÑADIDO - TÉRMINO TÓPICO
Término tópico o elemento de entrada del nombre geográfico PINTURA ESPAÑOLA
650 14 - ENTRADA DE SUJETO AÑADIDO - TÉRMINO TÓPICO
Término tópico o elemento de entrada del nombre geográfico ARTE CONTEMPORANEO ESPAÑOL
650 14 - ENTRADA DE SUJETO AÑADIDO - TÉRMINO TÓPICO
Subdivisión general CATALOGOS
650 14 - ENTRADA DE SUJETO AÑADIDO - TÉRMINO TÓPICO
Subdivisión general EXPOSICIONES
650 14 - ENTRADA DE SUJETO AÑADIDO - TÉRMINO TÓPICO
Término tópico o elemento de entrada del nombre geográfico PINTORES ESPAÑOLES
700 1# - ENTRADA AGREGADA - NOMBRE PERSONAL
Nombre de la persona Olmo, Santiago B. \ Quintas, Miguel A.
Holdings
Estado de retirada Pérdida de estatus Estado dañado No para préstamo Código de recogida Ubicación permanente Ubicación actual Ubicación de las estanterías Fecha de adquisición Número de llamada completo Código de barras Fecha de la última vez que se vio Número de copia Precio efectivo desde Tipo de artículo Koha
        General ArtNexus ArtNexus General 06/09/2022 P-SP-00 M35I 3636 06/09/2022 Ej.1 06/09/2022 Libro

Powered by Koha